000 01030nam a2200241 i 4500
001 6560
003 ES-MaACL
005 20250804062608.0
007 t|
008 900115s1988 sp a |||| | spa d
020 _a84-505-7350-5
080 _a86-34"18"
100 1 _aPérez Galdós, Benito,
_d1843-1920
_990871
245 1 0 _aOcho cuentos de Pérez Galdós /
_cprólogo, selección, notas y bibliografía de Oswaldo Izquierdo Dorta ; edición patrocinada por el Cabildo Insular de Gran Canaria y la Consejería de Educación, Cultura y Deportes ; coordinada por la Sociedad de Estudios Galdosianos ; [dibujos interiores, Santiago Alemán Valls].
260 _a[Las Palmas de Gran Canaria :
_bSociedad de Estudios Galdosianos],
_c1988.
300 _a142 p. :
_bil. ;
_c22 cm.
504 _aBibliografía: p. 139-142.
700 1 _aIzquierdo Dorta, Oswaldo.
_965724
700 1 _aAlemán Valls, Santiago.
_919723
710 1 _aGran Canaria.
_bCabildo Insular.
_92264
852 _aES-MaACL
_jL-13793
999 _c6560
_d6560